Statistics for Most Notable Users by Hint

Click here to take the quiz!

General Stats

  • This quiz has been taken 16 times
    (6 since last reset)
  • The average score is 9 of 12

Answer Stats

HintQuizmaker% Correct
Subdivision QuizzesIAB
100%
Known for comments...kalbahamut
100%
Find the Mystery...Using Color CluesPandora49
100%
Most User FeaturesGamer1162
75%
Win the U.S. Presidential ElectionHinesBrothers
75%
Countries Closest QuizzesJerry928
75%
5 by ContinentQuizzer6794
75%
Biggest User-Created Quizscambigol
75%
Random Map QuizzesStewart
75%
Save Humanity by Guessing CountriesGeoPhilia
50%
Top Quizmaker Rank for a Userrelessness
50%
Flags of Countries that Bordernichster
25%

Score Distribution

Percentile by Number Answered

Percent of People with Each Score

Your Score History

You have not taken this quiz since the last reset